| 000 | 01872nam0a2200349 i 4500 | ||
|---|---|---|---|
| 001 | RU\NLR\BIBL_A\010017002 | ||
| 005 | 20260408112157.0 | ||
| 010 |
_a9785808503670 _9300 |
||
| 021 |
_aRU _b2013-90597 _96269 |
||
| 035 | _a(NILC)RuMoRGB-006693861 | ||
| 035 | _a(NLR Aleph) 010017002 | ||
| 090 |
_a9881874 _c9881874 |
||
| 100 | _a20131220d2013 um y0rusy50 ca | ||
| 101 | 0 |
_arus _aeng _afre |
|
| 102 | _aRU | ||
| 105 | _ay|||||||||||| | ||
| 200 | 1 |
_aРусско-англо-французский словарь исторических терминов _fГос. бюджет. образоват. учреждение высш. проф. образования "С.-Петерб. гос. хим.-фармацев. акад." М-ва здравоохранения Рос. Федерации, Каф. гуманит. наук _g[Д.Н. Маймистов и др.] |
|
| 210 |
_aСанкт-Петербург _cИзд-во СПХФА _d2013 |
||
| 215 |
_a55 с. _d21 |
||
| 606 | 1 |
_aРусский язык _xТерминология историческая _xСловари _xФранцузский язык _92558418 _3RU\NLR\AUTH\661513529 |
|
| 606 | 1 |
_aРусский язык _xТерминология историческая _xСловари _xАнглийский язык _92181743 _3RU\NLR\AUTH\6601548474 |
|
| 675 | _a94(038)-161.1-111-133.1 | ||
| 686 | 1 | _aШ141.12-491терм | |
| 702 | 1 |
_aМаймистов _bД. Н _4220 |
|
| 712 | 0 | 2 |
_4570 _aСанкт-Петербургская государственная химико-фармацевтическая академия _bКафедра гуманитарных наук _3RU\NLR\AUTH\880359703 _9386654 |
| 801 | 0 |
_aRU _bRuMoRKP _c20131111 _gRCR |
|
| 801 | 2 |
_aRU _bРГБ _c20131120 _grcr |
|
| 942 | _cBOOK | ||
| 980 | _aNBR | ||